Loading...
| Science - Chemistry | 0 | 3 | 0 | 2 | 30 | 87 | 105.33 | 0 | 2 | 1.94 | 12.50 |
| Mythology | 0 | 2 | 0 | 0 | 20 | 54 | 86.00 | 0 | 1 | 6.06 | 10.00 |
| Science - Biology | 0 | 2 | 0 | 0 | 20 | 48 | 63.00 | 1 | 2 | 8.95 | 15.00 |
| Literature - American | 0 | 2 | 0 | 0 | 20 | 107 | 107.50 | 0 | 2 | 4.84 | 10.00 |
| Social Science | 0 | 1 | 0 | 1 | 10 | 77 | 77.00 | 0 | 1 | 2.30 | 7.50 |
| Other Academic | 0 | 1 | 0 | 0 | 10 | 86 | 86.00 | 0 | 1 | 12.10 | 16.67 |
| Popular Culture | 0 | 1 | 0 | 0 | 10 | 21 | 21.00 | 1 | 1 | 28.03 | 33.33 |
| Science - Other | 0 | 1 | 0 | 0 | 10 | 83 | 83.00 | 0 | 1 | 2.59 | 7.50 |
| Science - Physics | 0 | 1 | 0 | 1 | 10 | 114 | 114.00 | 0 | 1 | 0.42 | 7.50 |
| Literature - World | 0 | 0 | 0 | 0 | 0 | 0.00 | 0 | 0 | 0.00 | 0.00 | |
| Philosophy | 0 | 0 | 1 | 0 | -5 | 0.00 | 0 | 0 | 0.00 | 0.00 |